000 00546nam a22001697a 4500
003 OSt
005 20260116151318.0
008 260116b |||||||| |||| 00| 0 eng d
040 _cMRSPTUE
041 _aENG
100 _aManoj Kumar, Supervisor: Dr. Abhilasha
245 _aEnergy Efficient Clustering Algorithm for Wireless Sensor Network Using Type-2 Fuzzy Logic
260 _bDepartment of CSE, MRSPTU, Bathinda
_c2019
651 _aComputer Science
856 _uhttp://163.47.215.52:8080/jspui/handle/123456789/248
942 _2ddc
_cTH
_n0
999 _c10669
_d10669